000 00648nam a2200253Ia 4500
003 OSt
005 20221007104751.0
006 a|||||r|||| 00| 0
007 ta
008 221006b |||||||| |||| 00| 0 eng d
024 _a16,731
037 _cTextual
040 _aLCO
_cLCO
_beng
041 _2eng
_aeng
082 _aZ2,5,8, K7
100 _aDevlin J. Daniel
_9688719
245 0 _aCriminal Courts and Procedure
250 _a2nd
260 _aLondon
_bButterworths UK
_c1967
300 _a274
650 _aCRIMINAL COURT
_9701938
942 _hZ2,5,8, K7
_cTEXL
999 _c1186294
_d1186294